000 00483 a2200169 4500
001 067580
003 OSt
005 20211216152106.0
008
082 _a512.02
_bW15G
100 1 _aWallace, D.A.R.
245 1 _aGroups, rings and fields
_cby D.A.R. Wallace
260 _aNew York
_bSpringer
_c2009
300 _a248p.
653 _aAlgebra, Abstract; Mathematics; Algebra
_aRings (Algebra); Algebraic fields; Group theory
942 _2ddc
_cBK
999 _c1457
_d1457